000 00283nam a2200121Ia 4500
008 230411s9999 xx 000 0 und d
041 _aeng
082 _aEC/330/SAM/B01908
100 _aSamuel Paul
245 _aEconomics
260 _aNew Delhi
_c2006
999 _c153149
_d153149